<?xml version="1.0" encoding="UTF-8"?>
<marc:record xmlns:marc="http://www.loc.gov/MARC21/slim">
   <marc:leader>00000nam a2200000 a 4500</marc:leader>
   <marc:datafield ind1="1" ind2=" " tag="100">
      <marc:subfield code="a">Burow, Olaf-Axel</marc:subfield>
   </marc:datafield>
   <marc:datafield ind1=" " ind2=" " tag="653">
      <marc:subfield code="a">Digitale Medien</marc:subfield>
   </marc:datafield>
   <marc:datafield ind1=" " ind2=" " tag="653">
      <marc:subfield code="a">Pädagogik</marc:subfield>
   </marc:datafield>
   <marc:datafield ind1=" " ind2=" " tag="653">
      <marc:subfield code="a">Digitale Bildung</marc:subfield>
   </marc:datafield>
   <marc:datafield ind1=" " ind2=" " tag="653">
      <marc:subfield code="a">Digitales Klassenzimmer</marc:subfield>
   </marc:datafield>
   <marc:datafield ind1=" " ind2=" " tag="653">
      <marc:subfield code="a">Bildungswesen</marc:subfield>
   </marc:datafield>
   <marc:datafield ind1=" " ind2=" " tag="653">
      <marc:subfield code="a">Digitalisierung</marc:subfield>
   </marc:datafield>
   <marc:datafield ind1=" " ind2=" " tag="653">
      <marc:subfield code="a">Schulwesen</marc:subfield>
   </marc:datafield>
   <marc:datafield ind1="0" ind2="0" tag="245">
      <marc:subfield code="a">Schule digital - wie geht das?</marc:subfield>
   </marc:datafield>
   <marc:datafield ind1="0" ind2="0" tag="245">
      <marc:subfield code="b">wie die digitale Revolution uns und die Schule verändert</marc:subfield>
   </marc:datafield>
   <marc:datafield ind1="0" ind2="0" tag="245">
      <marc:subfield code="c">Olaf-Axel Burow (Hrsg.)</marc:subfield>
   </marc:datafield>
   <marc:datafield ind1=" " ind2="1" tag="264">
      <marc:subfield code="a">Weinheim</marc:subfield>
      <marc:subfield code="b">Julius Beltz GmbH &amp; Co. KG</marc:subfield>
      <marc:subfield code="c">2019</marc:subfield>
   </marc:datafield>
   <marc:datafield ind1="1" ind2=" " tag="520">
      <marc:subfield code="a">Wie verändert die Digitalisierung fast aller Lebensbereiche uns und die Schule? Der Herausgeber beschreibt, wie dieser Wandel durch sieben Revolutionen getrieben wird, die nicht nur das Leben, sondern auch das Lernen verändern. Zu all diesen Wandlungsprozessen werden theoretische Hintergründe, Praxistipps und Links gegeben, die den Lesern nicht nur umfassende Orientierung geben, sondern auch Hilfen für die Umsetzung im eigenen Schulalltag. Die Beschreibung der sieben revolutionären Herausforderungen wird erweitert durch einen Reisebericht zu Schulen des Silicon Valleys, Ausblicke auf mögliche Zukunftsmodelle, den Entwurf eines Modells inklusiv-digitaler Bildung sowie Einblicken in die Praxis von Schulen, die neue Formate erproben und Digitalisierungskonzepte umsetzen. Wer wissen will, was auf uns, unsere Kinder und die Schule zukommt und was wir tun können, um die absehbaren Herausforderungen zu bewältigen, sollte dieses Buch lesen.</marc:subfield>
   </marc:datafield>
   <marc:datafield ind1=" " ind2=" " tag="020">
      <marc:subfield code="a">9783407631312</marc:subfield>
      <marc:subfield code="9">9783407631312</marc:subfield>
   </marc:datafield>
   <marc:datafield ind1=" " ind2=" " tag="020">
      <marc:subfield code="a">3407631316</marc:subfield>
      <marc:subfield code="9">3407631316</marc:subfield>
   </marc:datafield>
   <marc:datafield ind1=" " ind2=" " tag="041">
      <marc:subfield code="a">ger</marc:subfield>
   </marc:datafield>
   <marc:datafield ind1="0" ind2=" " tag="490">
      <marc:subfield code="v">0</marc:subfield>
   </marc:datafield>
   <marc:datafield ind1=" " ind2=" " tag="300">
      <marc:subfield code="a">189 Seiten : 20 Illustrationen</marc:subfield>
   </marc:datafield>
</marc:record>
